<?xml version="1.0" encoding="UTF-8"?><?xml-stylesheet type="text/xsl" href="static/style.xsl"?><OAI-PMH xmlns="http://www.openarchives.org/OAI/2.0/" xmlns:xsi="http://www.w3.org/2001/XMLSchema-instance" xsi:schemaLocation="http://www.openarchives.org/OAI/2.0/ http://www.openarchives.org/OAI/2.0/OAI-PMH.xsd"><responseDate>2026-04-13T02:54:38Z</responseDate><request verb="GetRecord" identifier="oai:www.recercat.cat:2445/132377" metadataPrefix="marc">https://recercat.cat/oai/request</request><GetRecord><record><header><identifier>oai:recercat.cat:2445/132377</identifier><datestamp>2025-11-20T13:52:34Z</datestamp><setSpec>com_2072_1057</setSpec><setSpec>col_2072_478915</setSpec><setSpec>col_2072_478917</setSpec></header><metadata><record xmlns="http://www.loc.gov/MARC21/slim" xmlns:dcterms="http://purl.org/dc/terms/" xmlns:xsi="http://www.w3.org/2001/XMLSchema-instance" xmlns:doc="http://www.lyncode.com/xoai" xsi:schemaLocation="http://www.loc.gov/MARC21/slim http://www.loc.gov/standards/marcxml/schema/MARC21slim.xsd">
   <leader>00925njm 22002777a 4500</leader>
   <datafield ind2=" " ind1=" " tag="042">
      <subfield code="a">dc</subfield>
   </datafield>
   <datafield ind2=" " ind1=" " tag="720">
      <subfield code="a">Benito Sánchez, Juan Carlos</subfield>
      <subfield code="e">author</subfield>
   </datafield>
   <datafield ind2=" " ind1=" " tag="260">
      <subfield code="c">2019-04-25T06:58:37Z</subfield>
   </datafield>
   <datafield ind2=" " ind1=" " tag="260">
      <subfield code="c">2019-04-25T06:58:37Z</subfield>
   </datafield>
   <datafield ind2=" " ind1=" " tag="260">
      <subfield code="c">2019-04</subfield>
   </datafield>
   <datafield ind2=" " ind1=" " tag="520">
      <subfield code="a">Este análisis se enmarca temporalmente en mi estancia de investigación en TransJus, entre marzo y abril de 2019, donde tuve la ocasión de trabajar estrechamente con el profesor Juli Ponce Solé y con los demás miembros de este centro de investigación dedicados a problemáticas relativas a la vivienda. A todos ellos les agradezco la afectuosa bienvenida y los enriquecedores intercambios, comentarios y reflexiones surgidos a raíz de mi estancia. Antes de comenzar con el desarrollo de este trabajo, quiero expresar mi reconocimiento&#xd;
poniendo en valor la labor de aplicación práctica de políticas en materia de vivienda desarrollada durante los últimos años en Barcelona, en el marco de la legislación catalana sobre el derecho a la vivienda, que dan forma a muchas de las reflexiones que expongo a continuación (Falagán, 2019; Observatorio DESC &amp; Instituto de Investigación TransJus, 2018).</subfield>
   </datafield>
   <datafield tag="653" ind2=" " ind1=" ">
      <subfield code="a">Política de l'habitatge</subfield>
   </datafield>
   <datafield tag="653" ind2=" " ind1=" ">
      <subfield code="a">Dret a l'habitatge</subfield>
   </datafield>
   <datafield tag="653" ind2=" " ind1=" ">
      <subfield code="a">Igualtat</subfield>
   </datafield>
   <datafield tag="653" ind2=" " ind1=" ">
      <subfield code="a">Housing policy</subfield>
   </datafield>
   <datafield tag="653" ind2=" " ind1=" ">
      <subfield code="a">Right to housing</subfield>
   </datafield>
   <datafield tag="653" ind2=" " ind1=" ">
      <subfield code="a">Equality</subfield>
   </datafield>
   <datafield ind2="0" ind1="0" tag="245">
      <subfield code="a">Hacia políticas públicas de vivienda inclusivas y diversas: derecho a la vivienda y derecho a la igualdad y no discriminación</subfield>
   </datafield>
</record></metadata></record></GetRecord></OAI-PMH>